000
00284nam a2200097Ia 4500
001
645016
005
20250826153615.0
008
250824s9999 xx 000 0 und d
245
0
_a
ARABA SEVDASI ANTİK OKUL KLASİKLERİ
_c
RECAİZADE MAHMUD EKREM
260
_b
ANTİK DÜNYA KLASİKLERİ
999
_c
645016
_d
645016